Беседы при ясной луне: рассказы

গ্রন্থ-পঞ্জীর বিবরন
প্রধান লেখক: Шукшин В. М. Василий Макарович
সংক্ষিপ্ত:Исключено из фонда НТБ ТПУ
ভাষা:রুশ
প্রকাশিত: Хабаровск, Хабаровское кн. изд-во, 1985
বিন্যাস: গ্রন্থ
KOHA link:https://koha.lib.tpu.ru/cgi-bin/koha/opac-detail.pl?biblionumber=81369

MARC

LEADER 00000nam0a2200000 4500
001 81369
005 20231101213151.0
010 |a 585050379X 
035 |a (RuTPU)RU\TPU\book\87469 
035 |a RU\TPU\book\22731 
090 |a 81369 
100 |a 20050920d1985 m y0rusy50 ca 
101 0 |a rus 
102 |a RU 
105 |a a z 000ay 
200 1 |a Беседы при ясной луне  |e рассказы  |f В. М. Шукшин 
210 |a Хабаровск  |c Хабаровское кн. изд-во  |d 1985 
215 |a 335 с. 
333 |a Исключено из фонда НТБ ТПУ 
700 1 |a Шукшин  |b В. М.  |c русский писатель  |c актер  |c кинорежиссер  |f 1929-1974  |g Василий Макарович  |9 451 
801 0 |a RU  |b 63413507  |c 20011209  |g PSBO 
801 1 |a RU  |b 63413507  |c 20050920  |g PSBO 
801 2 |a RU  |b 63413507  |c 20220513  |g PSBO 
942 |c BK